01003 2200337 4500001002100000005001500021035002000036007000300056008004100059336002100100337003000121338002300151040002200174100002600196245009000222300004000312020002200352082001400374084001600388264004400404650001800448700003400466850001200500504003300512990002000545990002000565990002000585990002000605990002000625990002000645INLIS00000000086976520220428013541 a0010-0422000408ta220321s2021 jkia g 0 ind d 2rdacontentateks 2rdamediaatanpa perantara 2rdacarrieravolume aYOPDYOGbinderda0 aEdy Supraptoepenulis10aPeta risiko penyelundupan di Indonesia /cEdy Suprapto; penyunting, Hanibal Wijayanta axii, 354 hlm. :bilustrasi ;c21 cm a978-623-00-2478-804223a364.1 a364.1 EDY p31aJakarta :bElex Media Komputindo,c2021 4apenyelundupan0 aHanibal Wijayantaepenyunting aYOPDYOG aBibliografi: halaman 347-354 a43842-PD/B.2022 a43843-PD/B.2022 a43843-PD/B.2022 a43842-PD/B.2022 a43842-PD/B.2022 a43843-PD/B.2022